1086 1144 1526 1514 1442 1629 1773 1856 1933 1383 1722 1807 1400 1350 1705 1501 1335 1975 1006 1753 1045 1352 1169 1103 1568 1237 1994 1482 1236 1653 1023 1733 1799 1220 1195 1253 1356 1060 1814 1627 1651 1671 1908 1037 1985 1085 1845 1367 1525 1448 1561 1962 1307 1442 1186 1503 1934 1481 1326 1985 1210 1318 1888 1698 1272 1133 1848 1750 1116 1276 1261 1139 1953 1035 1140 1589 1089 1404 1592 1390 1248 1698 1618 1250 1640 1037 1305 1096 1798 1536 1152 1287 1031 1219 1794 1488 1132 1137 1634 BCNSPRNW ULIB Ver.6.0+V

เปลี่ยนเป็นภาษาไทย

Change to English
 แสดงรายละเอียดบรรณานุกรม
  กลับหน้าหลัก

Brief Record : Get Marc (ISO 2709) : E-mail record : QR code < ปิดหน้าต่าง
LEADER : 00000nam 2200000uu 4500
001    13399120386
003     ULIB
008    120919s2548||||th 000 0 tha d
020    ^a9749940652
060 04 ^aW^bร111S 2548
245 00 ^aSurgical reviews Chulalongkorn University /^cรัฐพลี ภาคอรรถ, บรรณาธิการ
250    ^aพิมพ์ครั้งที่ 1
260    ^aกรุงเทพฯ :^bภาควิชาศัลยศาสตร์ คณะแพทยศาสตร์ จุฬาลงกรณ์มหาวิทยาลัย,^c2548
300    ^a600 หน้า :^bภาพประกอบ ;^c22 ซม.
650  7 ^aศัลยศาสตร์
650  7 ^aศัลยกรรม
700 0  ^aรัฐพลี ภาคอรรถ,^eบรรณาธิการ
710 2  ^aจุฬาลงกรณ์มหาวิทยาลัย. ^bภาควิชาศัลยศาสตร์
945    ^p0^l0^i13941
995    ^aกัณชพร
999 ^a ใช้งานได้ทุกระบบ
รายการนี้ยังไม่มีแท็ก
คุณยังไม่ได้ล็อกอิน คุณสามารถมีกิจกรรมร่วมกับเว็บไซต์ได้ แต่ต้องล็อกอินก่อน ::
  ล็อกอิน

รายการสื่อสารสนเทศ

ลำดับที่ ประเภท เลขเรียก/บาร์โค้ด สถานที่ สถานะ
1. วิทยาศาสตร์การแพทย์ และสุขภาพ
วิทยาศาสตร์การแพทย์ และสุขภาพ
W ร111S 2548  
  Barcode: 13941
ห้องสมุดวิทยาเขตสวรรค์ประชารักษ์
►หนังสือทั่วไป
บนชั้น

รายการใกล้เคียง
    หัวเรื่อง [ศัลยศาสตร์]
    หัวเรื่อง [ศัลยกรรม]

BibComment


ยังไม่เคยถูกคอมเมนท์

คอมเมนท์ทรัพยากรรายการนี้
  คอมเมนท์: Surgical reviews..


 Copyright 2026. Bcnsprnw @Library